00311nam a2200121Ia 4500008004100000100002300041245005400064260002600118300000900144650001200153942000700165999001700172190216s9999||||xx |||||||||||||| ||und|| aOscar Knefler Rice 0aStatistical Mechanics Thermodynamics And Kinetics bEurasia Pub-Ltdc1967 a556p aPhysics cBK c33045d33045